| 000 | 01574cam a2200325Ia 4500 | ||
|---|---|---|---|
| 001 | 50325 | ||
| 005 | 20230411090002.0 | ||
| 008 | 070205s2004 nyuabf b 001 0 eng d | ||
| 035 | _a(OCoLC)ocm81906942 | ||
| 040 |
_aUNA _cUNA _dBAKER _dYDXCP |
||
| 020 | _a1585675814 | ||
| 020 | _a9781585675814 | ||
| 035 | _a(OCoLC)81906942 | ||
| 090 |
_aDR576 _bP675 2004 |
||
| 049 | _aGRAL | ||
| 100 | 1 | _aPope, Nicole. | |
| 245 | 1 | 0 |
_aTurkey unveiled : _ba history of modern Turkey / _cNicole and Hugh Pope. |
| 260 |
_aWoodstock, N.Y. : _bOverlook Press, _c2004. |
||
| 300 |
_axi, 395 p., [16] p. of plates : _bill., maps ; _c24 cm. |
||
| 500 | _aEdition statement from back cover. | ||
| 504 | _aIncludes bibliographical references (p. [385]-388) and index. | ||
| 505 | 0 | _a1. Tangled roots -- 2. Ottoman glory and decline -- 3. Turkey for the Turks -- 4. Atatèurk, immortal leader -- 5. Walking the tightrope -- 6. A new beginning -- 7. The army shows its hand -- 8. Wilderness years -- 10. The generals take charge -- 11. The èOzal revolution -- 12. A bridge too far -- 13. èOzal stumbles -- 14. A place at the feast -- 15. The Kurdish reality -- 16. The wolf and the bear -- 17. The ðCiller phenomenon -- 18. A Turkish-Islamic synthesis. | |
| 651 | 0 |
_aTurkey _xPolitics and government _y1909- |
|
| 651 | 0 |
_aTurkey _xCivilization _y20th century. |
|
| 600 | 1 | 0 |
_aAtatèurk, Kemal, _d1881-1938. |
| 938 |
_aBaker & Taylor _bBKTY _c22.95 _d17.21 _i1585675814 _n0004408940 _sactive |
||
| 938 |
_aYBP Library Services _bYANK _n2076291 |
||
| 942 |
_2lcc _cbk |
||
| 994 |
_aC0 _bDRFGD |
||
| 999 |
_c110419 _d110419 |
||